Т. 3: Дон Жуан: поэма; Сочинения
| Parent link: | Сочинения: в 3 т: пер. с англ./ Дж. Г. Байрон. Т. 3: Дон Жуан. Поэма.— , 1974- |
|---|---|
| סיכום: | Исключено из фонда НТБ ТПУ |
| שפה: | רוסית |
| יצא לאור: |
1974
|
| פורמט: | MixedMaterials ספר |
| KOHA link: | https://koha.lib.tpu.ru/cgi-bin/koha/opac-detail.pl?biblionumber=157850 |
MARC
| LEADER | 00000nam0a2200000 4500 | ||
|---|---|---|---|
| 001 | 157850 | ||
| 005 | 20231031154027.0 | ||
| 035 | |a (RuTPU)RU\TPU\book\171214 | ||
| 035 | |a RU\TPU\book\171213 | ||
| 090 | |a 157850 | ||
| 100 | |a 20090415d1974 m y0rusy50 ca | ||
| 101 | 1 | |a rus |c eng | |
| 102 | |a RU | ||
| 105 | |a y z 000gy | ||
| 200 | 0 | |a Т. 3: Дон Жуан |e поэма | |
| 210 | |d 1974 | ||
| 215 | |a 576 с. | ||
| 333 | |a Исключено из фонда НТБ ТПУ | ||
| 461 | |t Сочинения |o в 3 т: пер. с англ. |f Дж. Г. Байрон |v Т. 3: Дон Жуан. Поэма |d 1974- | ||
| 801 | 1 | |a RU |b 63413507 |c 20050907 |g PSBO | |
| 801 | 2 | |a RU |b 63413507 |c 20220623 |g PSBO | |
| 942 | |c BK | ||